[Event "4th Capablanca Memorial GM 2018"]
[Site "Heraklion"]
[Date "2018.04.14"]
[Round "6"]
[White "Koutoukidis, Panagiotis"]
[Black "Fernandez, Daniel Howard"]
[Result "1/2-1/2"]
[WhiteElo "2332"]
[BlackElo "2483"]
[Annotator "TA"]
[PlyCount "121"]
[EventDate "2018.??.??"]
[EventType "tourn"]
[EventCountry "GRE"]
[SourceTitle "playchess.com"]
[Source "ChessBase"]
[SourceQuality "1"]

{[%evp 17,121,33,43,31,31,33,34,33,45,40,36,43,67,41,42,31,43,18,35,28,33,22,23,19,41,35,33,0,22,21,22,12,16,29,33,34,26,33,33,23,25,34,23,0,0,0,0,0,0,0,0,-27,-20,-37,-22,-37,39,16,102,112,89,106,83,101,79,0,0,0,0,0,0,0,0,0,0,0,0,0,0,0,0,0,0,0,0,0,0,0,0,0,0,0,0,-8,-8,-8,-8,-8,-8,-8,-7,-8,-8,-8,-7,-7]} 1. e4 d5 2. exd5 Qxd5 3. Nc3 Qa5 4. d4 Nf6 5. Nf3 c6 6. Bc4 Bg4 7. h3 Bxf3 8. Qxf3 e6 9. O-O Be7 {LiveBook: 11 Games. B01: Scandinavian Defence} 10. Ne4 Nxe4 11. Qxe4 Nd7 {White is slightly better.} 12. Qg4 $146 ({Predecessor:} 12. c3 Nf6 13. Qf3 O-O 14. Bd2 Rad8 15. Rad1 Rd7 16. Bc1 Rfd8 17. Bb3 {½-½ (62) Djukic,N (2539)-Savic,M (2531) Cetinje 2012}) 12... g6 13. c3 O-O 14. Re1 Qf5 15. Qg3 Rac8 16. Bh6 Rfe8 17. Re2 Bd8 18. Bf4 (18. Rae1 {keeps more tension.} Nb6 19. Bd3 Qh5 20. Bc1 Bc7 21. Qg4) 18... Qa5 19. b4 Qh5 20. Rae1 {[%cal Re2e6] [#] Hoping for Rxe6!} Nb6 21. Bb3 Nd5 22. Be5 Bh4 23. Qd3 Qf5 24. Qd2 Bg5 25. Qb2 Bf4 26. Bc2 Qg5 27. c4 Nb6 28. Bb3 Bxe5 29. Rxe5 Qf6 30. Qe2 Red8 31. Qe3 Rc7 32. a4 $36 {[%mdl 2048] White has good play.} Rcd7 33. a5 Nc8 34. Rd1 (34. d5 $5) 34... Ne7 35. g4 h6 36. f4 c5 (36... b6 $15) 37. Rxc5 Rxd4 (37... Nc6 $11 {keeps the balance.}) 38. Rxd4 $16 Rxd4 {[#]} 39. Qe5 $1 {[%cal Re5f6]} Qxe5 40. fxe5 {[%mdl 4096] Endgame KRB-KRN} Rd2 41. Rc7 ({Better is} 41. b5 $16) 41... Nc6 $11 {The position is equal.} 42. Rxb7 Nxe5 43. Kf1 Rb2 {...Rb1+ is the strong threat.} 44. Ba4 {aiming for c5.} Nxc4 45. a6 Ne3+ 46. Ke1 Ra2 47. Bb5 Nc2+ 48. Kf1 Nxb4 49. Rxa7 Kf8 50. Bc4 Ra3 51. Rb7 Nxa6 {Strongly threatening ...Nc5.} 52. Ra7 Rxh3 {Threatens to win with ...Nc5.} 53. Rxa6 h5 54. gxh5 Rxh5 55. Bxe6 fxe6 56. Rxe6 {KR-KR} Rg5 57. Kf2 Kg7 58. Re8 Kf6 59. Ra8 Rg4 60. Ra5 g5 61. Kf3 {Precision: White = 59%, Black = 72%.} 1/2-1/2

[Event "4th Capablanca Memorial GM 2018"]
[Site "Heraklion"]
[Date "2018.04.14"]
[Round "6"]
[White "Pogosyan, Stefan"]
[Black "Townsend, M Paul"]
[Result "1-0"]
[WhiteElo "2314"]
[BlackElo "2211"]
[Annotator "NA"]
[PlyCount "91"]
[EventDate "2018.??.??"]
[EventType "tourn"]
[EventCountry "GRE"]
[SourceTitle "playchess.com"]
[Source "ChessBase"]
[SourceQuality "1"]
[TimeControl "40/5400+30:1800+30"]

1. d4 {[%emt 0:00:00]} Nf6 {[%emt 0:00:09]} 2. c4 {[%emt 0:00:00]} e6 {[%emt 0:00:07]} 3. Nc3 {[%emt 0:00:00]} d5 {[%emt 0:00:13]} 4. cxd5 {[%emt 0:01:58]} exd5 {[%emt 0:00:09]} 5. Bg5 {[%emt 0:00:06]} c6 {[%emt 0:00:24]} 6. e3 {[%emt 0:00:07]} Be7 {[%emt 0:00:17]} 7. Bd3 {[%emt 0:00:44]} Nbd7 {[%emt 0:00:19]} 8. Rc1 {[%emt 0:01:43]} h6 {[%emt 0:05:06]} 9. Bh4 {[%emt 0:02:31]} O-O {[%emt 0:01:32]} 10. Nge2 {[%emt 0:00:52] D54: Queen's Gambit Declined: 4 Bg5 Be7: Lines without Nf3} (10. Bg3 Re8 11. h3 Bb4 12. Nf3 Ne4 13. Bf4 c5 14. O-O Bxc3 15. bxc3 Nb6 16. Ne5 f6 17. Ng4 c4 {0-1 (51) Rapport,R (2715)-Keymer,V (2403) Karlsruhe 2018}) 10... Nh5 {[%emt 0:10:57]} 11. Bxe7 {[%emt 0:00:43]} Qxe7 {[%emt 0:00:07]} 12. g4 {[%emt 0:06:59]} Nhf6 {[%emt 0:01:38]} 13. Ng3 {[%emt 0:01:06]} Nb6 {[%emt 0:03:09]} 14. h3 {[%emt 0:01:51]} Nc4 {[%emt 0:12:08]} 15. Qe2 $146 {[%emt 0:05:51]} ({Predecessor:} 15. Bxc4 dxc4 16. Qe2 Be6 {0-1 (45) Havasi,K-Canal,E Budapest 1932}) 15... Nd6 {[%emt 0:09:18]} 16. f3 {[%emt 0:00:50]} Nh7 {[%emt 0:06:37]} 17. e4 {[%emt 0:06:17]} dxe4 {[%emt 0:01:58]} 18. fxe4 {[%emt 0:00:26]} Qh4 {[%emt 0:00:30]} 19. Qf2 {[%emt 0:00:58]} Ng5 {[%emt 0:03:13]} 20. Nge2 {[%emt 0:02:16]} Be6 {[%emt 0:20:58]} 21. Qxh4 {[%emt 0:04:09]} Nf3+ {[%emt 0:02:01]} 22. Kf2 {[%emt 0:00:04]} Nxh4 {[%emt 0:00:08]} 23. Kg3 {[%emt 0:02:46]} g5 {[%emt 0:01:12]} 24. b3 $11 {[%emt 0:01:02]} f6 {[%emt 0:02:51]} 25. Nd1 {[%emt 0:08:58]} Rae8 {[%emt 0:01:58]} 26. Nec3 {[%emt 0:03:15]} Rd8 {[%emt 0:03:02]} 27. Ne3 {[%emt 0:00:46]} Nf7 {[%emt 0:00:47]} 28. Ne2 {[%emt 0:02:00]} Kg7 {[%emt 0:02:18]} 29. Nf5+ {[%emt 0:05:12]} Bxf5 {[%emt 0:03:28]} 30. gxf5 {[%emt 0:00:13]} Rfe8 {[%emt 0:00:50]} 31. Rhd1 {[%emt 0:09:17]} Nd6 {[%emt 0:02:28]} 32. Nc3 {[%emt 0:00:12]} Ndxf5+ {[%emt 0:02:49]} 33. exf5 {[%emt 0:00:22]} Re3+ {[%emt 0:00:42]} 34. Kf2 {[%emt 0:03:14]} Rf3+ {[%emt 0:00:57]} 35. Ke2 {[%emt 0:00:06]} Rxd4 {[%emt 0:01:37]} 36. Bb1 {[%emt 0:02:58]} Rxd1 {[%emt 0:00:47]} 37. Nxd1 {[%emt 0:00:08]} Rxh3 {[%emt 0:00:12]} 38. Nf2 {[%emt 0:00:10]} Rf3 {[%emt 0:01:01]} 39. Rd1 {[%emt 0:00:28]} h5 {[%emt 0:00:12]} 40. Rd4 {[%emt 0:00:00]} Rc3 {[%emt 0:01:22]} 41. Rd7+ {[%emt 0:07:43]} Kh6 {[%emt 0:04:34]} 42. Ne4 {[%emt 0:00:50]} Rc1 {[%emt 0:00:47]} 43. Nxf6 {[%emt 0:01:36]} g4 {[%emt 0:00:24]} 44. Ng8+ {[%emt 0:00:03]} Kg5 {[%emt 0:00:09]} 45. Rg7+ {[%emt 0:00:13]} Kf4 {[%emt 0:00:10]} 46. f6 {[%emt 0:00:05]} 1-0

[Event "4th Capablanca Memorial GM 2018"]
[Site "Heraklion"]
[Date "2018.04.15"]
[Round "7"]
[White "Ider, Borya"]
[Black "Georgakopoulos, Nikolaos"]
[Result "1-0"]
[WhiteElo "2510"]
[BlackElo "2346"]
[Annotator "TA"]
[PlyCount "89"]
[EventDate "2018.??.??"]
[EventType "tourn"]
[EventCountry "GRE"]
[SourceTitle "playchess.com"]
[Source "ChessBase"]
[SourceQuality "1"]

{[%evp 11,89,-21,0,-41,-42,-70,-35,-17,-25,-42,37,0,40,-30,44,43,452,30,34,16,53,50,41,33,64,70,172,133,142,127,119,118,130,74,84,55,62,68,134,142,145,136,204,140,131,118,196,179,175,169,178,182,216,210,248,218,235,234,254,225,279,233,284,235,235,222,234,228,222,222,262,246,238,208,233,214,624,616,856,844]} 1. b3 Nf6 2. Bb2 g6 3. e4 {[%cal Be2e4,Be4e5][%mdl 32]} c5 4. e5 Nd5 5. Bc4 (5. Qf3 Nb4 6. Na3 Bg7 7. e6 f6 8. c3 N4c6 9. Qe3 dxe6 10. Qxc5 {½-½ (41) Morozevich,A (2665)-Andreikin,D (2712) Moscow 2018}) 5... Nb6 6. e6 {A01: Nimzowitsch-Larsen Opening} f6 {LiveBook: 11 Games} 7. Qe2 Nxc4 $146 ({Find the theoretical novelty and annotate with similar games:} 7... d5 8. Bb5+ Nc6 9. Bxc6+ bxc6 10. Ba3 Qd6 11. d4 Qxe6 12. Qxe6 Bxe6 13. Bxc5 {0-1 (29) Dimitrijevic,D (2237)-De Paula,R (2249) Brasilia 2016}) 8. exd7+ {Black is slightly better.} Nxd7 ({Much worse is} 8... Bxd7 $6 9. Bxf6 Bc6 10. Nf3 $14) (8... Qxd7 $5 {[%cal Rc4b2]} 9. Bxf6 Rg8 10. Qxc4 Qe6+ 11. Qxe6 Bxe6 $14) 9. Qxc4 e5 10. f4 exf4 (10... Nb6 $15 11. Qe2 Bg7) 11. Nf3 Nb6 12. Qe2+ (12. Qxf4 $14 Bd6 13. Qh6) 12... Qe7 (12... Kf7 $11) 13. Bxf6 $1 $14 Qxe2+ 14. Kxe2 Rg8 15. Kf2 h6 16. Re1+ Kf7 17. Bb2 Nd7 18. Na3 Bd6 (18... g5 $14) 19. Nc4 $36 {[%mdl 2048] White is on the roll.} Bc7 20. Re2 {Strongly threatening Rae1.} Re8 21. Rxe8 Kxe8 {[#]} 22. Re1+ ({White should try} 22. Bg7 $1) 22... Kf7 $16 23. Nce5+ (23. h4 {NOTEXT} b6 24. d3 Bb8 25. Bc3 Bc7 26. Ba1) 23... Bxe5 24. Bxe5 Nf6 (24... Nxe5 $14 25. Nxe5+ Kf6) 25. Bxf4 Bf5 26. d3 Rd8 (26... b6 $16 27. Ne5+ Kg7) 27. h3 g5 28. Bc1 Nd7 (28... Re8 $16 29. Ne5+ Kg8) 29. h4 gxh4 30. Nxh4 Bg4 31. Bxh6 Rh8 32. Bg5 Rh5 33. Bf4 Nf6 34. Nf3 Bc8 35. Be5 Nd5 36. a3 Bg4 37. Nd2 b6 38. Bb2 Bd7 39. Nc4 Rf5+ 40. Kg1 {[#] Black must now prevent Nd6+.} Kg8 41. Ne5 Bc8 42. Ng4 Rf8 43. Re4 {aiming for c4.} Bb7 $2 (43... Rf4) 44. c4 $18 Nf4 45. Re7 {Precision: White = 53%, Black = 33%.} 1-0

[Event "4th Capablanca Memorial GM 2018"]
[Site "Heraklion"]
[Date "2018.04.15"]
[Round "7"]
[White "Fernandez, Daniel Howard"]
[Black "Rozentalis, Eduardas"]
[Result "1/2-1/2"]
[WhiteElo "2483"]
[BlackElo "2518"]
[Annotator "TA"]
[PlyCount "23"]
[EventDate "2018.??.??"]
[EventType "tourn"]
[EventCountry "GRE"]
[SourceTitle "playchess.com"]
[Source "ChessBase"]
[SourceQuality "1"]

{[%evp 15,20,7,18,0,3,0,-3]} 1. e4 e5 2. Nf3 Nf6 3. Nxe5 d6 4. Nf3 Nxe4 5. Qe2 Qe7 6. Nc3 Nxc3 7. dxc3 Qxe2+ 8. Bxe2 Be7 {LiveBook: 8 Games. The position is equal. C42: Petroff Defence: 3 Nxe5 and unusual White 3rd moves} (8... Nc6 9. Be3 Be7 10. O-O-O O-O 11. Rhe1 Bf6 12. Nd2 Re8 13. Bf3 Ne5 14. Bf4 Kf8 15. Bd5 c6 16. Bb3 {0-1 (66) Kramnik,V (2800)-Caruana,F (2784) Berlin 2018}) 9. O-O O-O 10. Be3 Nc6 {Predecessor:} 11. Nd4 $146 Nxd4 12. cxd4 {½-½ (12) Kengis,E (2465)-Vitolinsh,A (2425) Frunze 1989} 1/2-1/2

[Event "4th Capablanca Memorial GM 2018"]
[Site "Heraklion"]
[Date "2018.04.15"]
[Round "7"]
[White "Kapnisis, Spyridon"]
[Black "Pogosyan, Stefan"]
[Result "0-1"]
[WhiteElo "2472"]
[BlackElo "2314"]
[Annotator "TA"]
[PlyCount "100"]
[EventDate "2018.??.??"]
[EventType "tourn"]
[EventCountry "GRE"]
[SourceTitle "playchess.com"]
[Source "ChessBase"]
[SourceQuality "1"]

{[%evp 20,100,27,22,50,50,50,51,45,47,65,68,57,51,98,84,87,95,151,148,137,108,108,108,108,111,220,197,234,96,84,85,85,74,74,72,86,109,91,98,93,46,46,17,100,15,75,16,114,9,110,0,0,0,0,0,0,0,0,-18,-30,-77,-76,-205,-207,-201,-201,-175,-143,-225,-7,-7,0,-189,-241,-263,-241,-291,-269,-514,-524,-12844,-12845]} 1. e4 c5 2. Nf3 e6 3. c4 Nc6 4. d4 cxd4 5. Nxd4 Nf6 6. Nc3 Bb4 7. Nxc6 dxc6 8. Qxd8+ Kxd8 9. e5 Ne4 {B44: Sicilian: Taimanov: 5 Nb5} 10. a3 Bxc3+ 11. bxc3 {LiveBook: 14 Games} Nxc3 {The position is equal.} (11... b6 12. a4 Kc7 13. h4 f5 14. Rg1 Ba6 15. g4 Rhg8 16. a5 Nc5 17. Be3 {½-½ (87) Dubov,D (2661)-Sjugirov,S (2662) Kaliningrad 2015}) 12. a4 $1 Ne4 13. Be3 b6 14. a5 $1 {[%cal Ra5b6]} Rb8 15. axb6 axb6 16. Ra7 $1 Bd7 17. Be2 {[%mdl 1024] And now 0-0 would win. White has strong compensation.} Ke7 $146 18. O-O $1 {aiming for Rd1.} Nc5 (18... Ra8 $142 19. Bxb6 Rxa7 20. Bxa7 Ra8) 19. Rd1 Rhd8 20. Bf3 Ke8 21. Bxc5 $1 bxc5 22. h4 f6 (22... h6 $16 {was necessary.}) 23. Be4 $1 $18 fxe5 24. Bxh7 (24. Kf1 $1 $18 {is the precise move to win.}) 24... Rb4 $16 25. Bd3 e4 26. Be2 Rb2 27. Kf1 g6 28. h5 gxh5 29. Bxh5+ Ke7 30. Be2 Ke8 $1 31. g3 Rc2 (31... Rb4 $11 {keeps the balance.}) 32. Rc7 (32. Ke1 $1 $16) 32... Rb2 (32... Rc3 $1 $11) 33. Ke1 ({Better is} 33. f4 $1 $16) 33... Ra2 (33... Rb3 $11) 34. Rb7 (34. f4 $1 $16) 34... Rc2 (34... Ra4 $11 {remains equal.}) 35. Ra1 (35. Ra7 $1 $16) 35... e5 $11 36. g4 Be6 37. g5 Rd7 38. Bh5+ Ke7 $1 39. Rb8 {Hoping for Re8+.} Bxc4 {Strongly threatening ...e3!} 40. Re8+ Kd6 41. g6 {[#]} (41. Rf8 $17) 41... e3 $1 $19 {[%cal Re3f2]} 42. fxe3 Rg2 43. Rd1+ Bd5 $1 44. Rd2 {[#]} (44. Rh8 $17) 44... Rg1+ $2 (44... Rg5 $1 $19 {[%cal Rg5h5]} 45. Bf3 Rg3) 45. Kf2 $11 Rg2+ $2 (45... Rh1 $11 46. Bg4 Rg7) 46. Ke1 $19 {[#] intending Rxg2.} Rg5 $1 {[%cal Rg5h5]} 47. Bf3 {Black must now prevent e4.} Rg3 ({Weaker is} 47... Rxg6 48. e4 $15) 48. Bxd5 cxd5 49. Kf2 $2 (49. e4 d4 50. Ra2) 49... Rxg6 50. Ra2 {Ra6+ is the strong threat.} Rf7+ {Precision: White = 36%, Black = 49%.} 0-1

[Event "4th Capablanca Memorial GM 2018"]
[Site "Heraklion"]
[Date "2018.04.15"]
[Round "7"]
[White "Petrova, Kristyna"]
[Black "Koutoukidis, Panagiotis"]
[Result "1/2-1/2"]
[WhiteElo "2257"]
[BlackElo "2332"]
[Annotator "TA"]
[PlyCount "78"]
[EventDate "2018.??.??"]
[EventType "tourn"]
[EventCountry "GRE"]
[SourceTitle "playchess.com"]
[Source "ChessBase"]
[SourceQuality "1"]

{[%evp 20,78,27,32,24,25,29,23,35,47,78,34,62,25,46,47,83,0,6,10,10,-33,-29,-47,-25,-26,-27,-29,-30,-27,0,0,0,-57,-57,-57,-59,-58,-59,-96,-96,-110,-110,-126,-117,-118,-113,-128,-100,-121,-109,-150,-153,-129,-85,-87,-58,-77,-50,-50,-50]} 1. e4 c5 2. Nf3 e6 3. d4 cxd4 4. Nxd4 Nc6 5. Nc3 Qc7 6. Be3 a6 7. a3 b5 8. Nxc6 Qxc6 9. Be2 Bb7 {B49: Sicilian: Taimanov: 5 Nc3 Qc7 6 Be3 a6 7 Be2} 10. Qd3 (10. O-O Rc8 11. Bd4 Qc7 12. Qd3 Nf6 13. f4 Be7 14. Bf3 O-O 15. e5 Ne8 16. f5 Bxf3 17. Rxf3 Qc4 18. Qd2 f6 19. exf6 Nxf6 20. Kh1 a5 21. Bxf6 Bxf6 22. Qxd7 exf5 23. Rxf5 Bxc3 {½-½ (23) Kobalia,M (2599)-Najer,E (2683) Batumi 2018}) 10... Rc8 11. O-O {LiveBook: 3 Games} Nf6 {[%cal Rf6e4] White is slightly better.} 12. Bf3 Qc7 13. Rfd1 h5 $146 ({Predecessor:} 13... h6 14. Rac1 Bc5 15. Bxc5 Qxc5 16. a4 bxa4 17. Nxa4 {½-½ (28) Stanitz,A (2087)-Menshchikov,V (2196) ICCF email 2015}) 14. h3 e5 15. Rd2 (15. Bg5 {seems wilder.} Be7 16. Qe2 g6 17. Rd3 d6 18. Rad1) 15... Bc5 16. Nd1 (16. Bg5 {looks sharper.} Nh7 17. Bh4 d6 18. Rad1 Nf8 19. b4) 16... Bxe3 17. Nxe3 {aiming for Nf5.} g6 18. Nd1 (18. a4 $16) 18... Qc4 19. Nc3 Qxd3 20. Rxd3 Ke7 21. h4 Rhd8 22. Re1 d6 23. g3 Nd7 24. Bg2 Nc5 25. Rd2 Ne6 26. Nd5+ (26. Nd1 $11) 26... Bxd5 $1 $15 27. exd5 Nc5 28. f4 Nd7 29. Bf1 f5 30. a4 bxa4 31. Bxa6 Rb8 32. c3 Nc5 33. Bc4 Ne4 34. Rg2 Rdc8 35. Bd3 Nc5 36. Bf1 e4 37. Ra1 Rb6 38. Rc2 Rcb8 39. Ra2 Kf6 {Precision: White = 54%, Black = 51%.} 1/2-1/2

[Event "4th Capablanca Memorial GM 2018"]
[Site "Heraklion"]
[Date "2018.04.15"]
[Round "7"]
[White "Townsend, M Paul"]
[Black "Poetsch, Hagen"]
[Result "0-1"]
[WhiteElo "2211"]
[BlackElo "2484"]
[Annotator "TA"]
[PlyCount "70"]
[EventDate "2018.??.??"]
[EventType "tourn"]
[EventCountry "GRE"]
[SourceTitle "playchess.com"]
[Source "ChessBase"]
[SourceQuality "1"]

{[%evp 9,70,8,21,18,19,13,28,-1,-7,-27,-30,-27,-29,-30,-25,-27,-27,-24,-24,-22,-1,-52,-44,-80,-78,-95,-96,-137,-138,-246,-241,-272,-265,-265,-266,-257,-275,-392,-397,-382,-381,-410,-403,-455,-472,-539,-547,-550,-502,-614,-600,-592,-580,-669,-629,-799,-779,-980,-979,-1083,-1047,-1222,-1215]} 1. c4 e6 2. g3 d5 3. Bg2 d4 4. Nf3 Nc6 (4... Nf6 5. O-O c5 6. e3 Nc6 7. exd4 cxd4 8. d3 Be7 9. Re1 O-O 10. Na3 Ne8 11. Nc2 f6 12. b4 Bxb4 13. Nxb4 Nxb4 14. Qb3 Nc6 15. Ba3 Rf7 16. c5 {0-1 (51) Ding,L (2777)-Korobov,A (2652) Huaian 2017}) 5. O-O Nh6 6. e3 {A13: English Opening: 1...e6} Nf5 7. e4 Nfe7 $146 ({Predecessor:} 7... Nh6 8. d3 g6 9. e5 Nf5 10. Bg5 Be7 11. Bxe7 Qxe7 {1-0 (30) Nuesken,F-Krause,K Soemmerda 1950}) 8. d3 {White has an edge.} Ng6 9. Na3 e5 10. Bd2 Be7 11. Nc2 a5 12. a3 h5 13. h4 Bg4 14. b4 Qd7 15. Kh2 ({White should try} 15. Qe1 $11) 15... O-O $15 16. Qe2 f5 17. b5 Nd8 {[%cal Bc6d8,Bd8e6,Be6c5,Bc5b3][%mdl 32]} 18. Nce1 Ne6 19. exf5 (19. Bc1 $17) 19... Rxf5 $19 20. Qe4 Nc5 21. Qd5+ Qxd5 22. cxd5 Raf8 23. Ng5 (23. b6 $142 cxb6 24. Rb1 Bxf3 25. Nxf3) 23... Rxf2 24. Rxf2 Rxf2 25. Bxa5 Nb3 26. Rb1 Nxa5 {Black is clearly winning.} 27. b6 Bxg5 28. hxg5 cxb6 29. Rxb6 Nf8 30. Kg1 Ra2 31. Nf3 Nd7 32. Rd6 Nb3 33. g6 Kf8 34. Ng5 Ke7 35. Ne4 Nd2 {Precision: White = 34%, Black = 89%.} 0-1

[Event "4th Capablanca Memorial GM 2018"]
[Site "Heraklion"]
[Date "2018.04.16"]
[Round "8"]
[White "Rozentalis, Eduardas"]
[Black "Petrova, Kristyna"]
[Result "1-0"]
[WhiteElo "2518"]
[BlackElo "2257"]
[Annotator "TA"]
[PlyCount "73"]
[EventDate "2018.??.??"]
[EventType "tourn"]
[EventCountry "GRE"]
[SourceTitle "playchess.com"]
[Source "ChessBase"]
[SourceQuality "1"]

{[%evp 17,73,11,21,16,38,33,40,26,39,23,18,26,26,12,15,13,18,15,12,14,8,15,12,8,29,12,22,9,20,15,18,10,10,10,28,31,34,25,25,20,36,35,33,0,8,24,41,22,160,152,243,220,221,222,217,210,214,220]} 1. e4 c5 2. Nf3 g6 3. c3 d5 4. exd5 Qxd5 5. d4 Bg7 6. Be2 cxd4 7. cxd4 Nf6 8. Nc3 Qd8 9. O-O {B06: Modern Defence} O-O {LiveBook: 24 Games} 10. Qb3 Nbd7 11. Rd1 {White is slightly better.} Nb6 12. d5 Bg4 13. Be3 Ne8 $146 ({Predecessor:} 13... Bxf3 14. Bxf3 {1-0 (28) Peptan,C (2438)-Andreoni,G (2138) Iasi 2014}) 14. Nb5 {[%cal Bc3b5,Bb5d4,Bd4f3,Bf3e5][%mdl 32]} Nc8 15. Rac1 a6 16. Nbd4 Ncd6 17. h3 Bxf3 18. Nxf3 Rc8 19. Bf4 Rxc1 20. Rxc1 Qd7 21. Bd3 Nf6 {[%cal Be8f6,Bf6d7,Bd7b6,Bb6c4][%mdl 32]} 22. Ne5 Qd8 23. Be2 Qa5 24. Bf3 Rd8 25. a4 {[%cal Ba2a4,Ba4a5][%mdl 32]} Nd7 26. Nd3 Qb6 27. Qxb6 Nxb6 28. a5 $36 {[%mdl 2048] White has the initiative.} Nbc4 29. b4 h5 30. Re1 Bf6 31. Nc5 Kg7 32. Be2 {Threatening Nxb7!} Kf8 {[#]} (32... Bc3 $11 {keeps the balance.} 33. Rb1 Nd2) 33. Nxb7 $1 $16 {[%mdl 512] White is clearly better.} Ra8 (33... Rb8 $16 {was necessary.}) (33... Nxb7 34. Bxc4) 34. Bxd6 Nxd6 {[#]} 35. Nc5 $1 Bd4 36. Bd3 ({Don't do} 36. Bxa6 $6 Bxc5 37. bxc5 Rxa6 $16) 36... Bc3 37. Rb1 {Precision: White = 86%, Black = 70%.} 1-0

[Event "4th Capablanca Memorial GM 2018"]
[Site "Heraklion"]
[Date "2018.04.16"]
[Round "8"]
[White "Poetsch, Hagen"]
[Black "Georgakopoulos, Nikolaos"]
[Result "1/2-1/2"]
[WhiteElo "2484"]
[BlackElo "2346"]
[Annotator "TA"]
[PlyCount "91"]
[EventDate "2018.??.??"]
[EventType "tourn"]
[EventCountry "GRE"]
[SourceTitle "playchess.com"]
[Source "ChessBase"]
[SourceQuality "1"]

{[%evp 19,91,-27,-31,-31,0,0,0,-33,-29,-44,-33,-42,-33,-31,-43,-36,-64,-59,-74,-104,-108,-146,-161,-191,-129,-121,-102,-184,-73,-70,-26,-99,-72,-64,-65,-81,-72,-114,-33,-25,-9,-97,-95,-90,-95,-95,77,77,71,71,62,71,75,75,86,81,156,0,3,3,7,0,6,8,8,8,8,8,8,0,0,0,10,0]} 1. e4 e5 2. Nf3 Nf6 3. Nxe5 d6 4. Nc4 Nxe4 5. Qe2 Qe7 6. Ne3 Nf6 7. b3 {C42: Petroff Defence: 3 Nxe5 and unusual White 3rd moves} (7. Nc3 c6 8. d4 g6 9. Bd2 Bg7 10. Nc4 Qxe2+ 11. Bxe2 d5 12. Nd6+ Ke7 13. Bf4 Rd8 14. Nxc8+ Rxc8 {½-½ (50) Wei,Y (2753)-Yu,Y (2744) Huocheng County 2017}) 7... Be6 8. g3 Nc6 9. Bb2 d5 10. Bg2 O-O-O {LiveBook: 3 Games} 11. d4 Qd7 12. Nd2 Ng4 $146 ({Predecessor:} 12... g6 13. h3 Bh6 14. O-O-O Rhe8 {1-0 (44) Murey,J (2496)-Harikrishna,P (2568) Pardubice 2002}) 13. O-O h5 {[%cal Bh7h5,Bh5h4][%mdl 32]} 14. c4 Nxe3 $1 15. fxe3 {Black must now prevent cxd5.} h4 $1 16. cxd5 Bxd5 17. Bxd5 Qxd5 18. Qg4+ Kb8 19. e4 Qb5 $1 {aiming for ...hxg3.} 20. Nf3 hxg3 21. hxg3 Rh6 (21... Rd6 $1 $19 22. Nh4 Nxd4 23. Rxf7 Ne2+ 24. Kh1 Rd2 25. Bxg7 Bxg7 26. Rxg7 a6) 22. Rac1 $17 Be7 23. Qf5 (23. Rf2 $17 {was called for.}) 23... Qe2 (23... Qd3 $1 $19 {and Black stays clearly on top.} 24. d5 Bf6 25. Bxf6 Rxf6 26. dxc6 Rxf5 27. exf5 Qxf5) 24. Rf2 Qe3 {Strongly threatening ...Rh1+!} 25. Kg2 (25. Qf4 $1 $11 Rh1+ 26. Kg2 Qxf4 27. gxf4 Rxc1 28. Bxc1) 25... Nb4 {...Nd3 is the strong threat.} 26. Re1 {[#]} Rh2+ $1 {[%mdl 512]} 27. Nxh2 Qxe1 28. Qf3 Rh8 ({Don't play} 28... Nxa2 $6 29. Rf1 $11) ({Black should try} 28... Qb1 $1 $17 {And now ...Nd3 would win.} 29. Qe2 Qxa2) 29. Bc3 Qc1 30. Bd2 {[#]} (30. Nf1 $11 {remains equal.}) 30... Qb1 $1 31. Bxb4 Bxb4 32. Qe2 {[#]} Bc3 $2 (32... Qa1 $1 $17 {keeps the pressure on.} 33. Qc4 a5) 33. Rf1 $36 {[%mdl 2048] White is really pushing.} Qb2 34. Qxb2 Bxb2 35. Rxf7 Bxd4 {[%mdl 4096] Endgame KRB-KRN} 36. Nf3 Bc3 37. e5 Rg8 (37... Re8 $142) 38. e6 $2 (38. g4 $16) 38... Kc8 {The position is equal.} 39. Ng5 Re8 40. Kf3 Bf6 41. Kf4 Bxg5+ 42. Kxg5 {Hoping for Kf5.} Rxe6 43. Rxg7 Ra6 44. Rg8+ Kd7 45. Rg7+ Kc8 46. Rg8+ {Precision: White = 43%, Black = 55%.} 1/2-1/2